| 000 | 00431nam a2200181Ia 4500 | ||
|---|---|---|---|
| 001 | 24317 | ||
| 005 | 20260414151035.0 | ||
| 008 | 260414t2025||||xx |||||||||||||| ||spa|| | ||
| 041 | _aESP | ||
| 082 |
_a345.3 _bA67A |
||
| 100 |
_aArbulú Martínez, Víctor, _eAUT |
||
| 245 | 0 |
_aRazonamiento probatorio _b |
|
| 260 | _c2025 | ||
| 300 |
_a429 páginas : _c25 cm. |
||
| 650 | _aDER | ||
| 654 | _aCDE | ||
| 942 |
_cLIB _dJUS _fJUS _2ddc _n |
||
| 999 |
_c24317 _d24317 |
||